| 000 | 00936nam a2200325 a 4500 | ||
|---|---|---|---|
| 003 | AR-BaBNM | ||
| 005 | 20251128203859.0 | ||
| 008 | 082120s2002 ||||||||||||||000 | spa|| | ||
| 020 | _a84-321-2288-2 | ||
| 040 | _cAR-BaBNM | ||
| 100 | 1 | _aGarcía Hoz, Víctor | |
| 245 | 0 | 0 | _aEducación personalizada |
| 250 | _a8ª ed. | ||
| 260 |
_aMadrid _bRialp _c1988 |
||
| 300 |
_a348 p. _bcuadros |
||
| 490 | 0 | _aBiblioteca de educación y ciencias sociales. Técnicas y estudios experimentales | |
| 500 | _aContiene apéndice | ||
| 650 | 4 | _aENSEÑANZA INDIVIDUALIZADA | |
| 650 | 4 | _aMETODOS DE ENSEÑANZA | |
| 650 | 4 | _aPROGRAMAS DE ENSEÑANZA | |
| 650 | 4 | _aACTIVIDADES ESCOLARES | |
| 650 | 4 | _aAPRENDIZAJE | |
| 650 | 4 | _aOBJETIVOS EDUCACIONALES | |
| 650 | 4 | _aFINALIDADES DE LA EDUCACION | |
| 650 | 4 | _aSISTEMAS ESCOLARES | |
| 650 | 4 | _aEVALUACION DEL PROGRAMA | |
| 650 | 4 | _aMATERIAL DIDACTICO | |
| 942 | _cBK | ||
| 998 | _cGrace | ||
| 999 |
_c5308 _d5308 |
||